| 000 | 01195nam a2200409 a 4500 | ||
|---|---|---|---|
| 003 | AR-BaBNM | ||
| 005 | 20251128205912.0 | ||
| 008 | 082120s2002 ||||||||||||||000 | spa|| | ||
| 020 | _a950-14-0808-6 | ||
| 040 | _cAR-BaBNM | ||
| 245 | 0 | 0 |
_aLey Federal de Educación _bart. 75, inc. 19, 3er párrafo, de la Constitución nacional |
| 250 | _a1ª ed. | ||
| 260 |
_aBuenos Aires _bDepalma _c1995 |
||
| 300 | _axiii, 254 p. | ||
| 650 | 4 | _aCONSTITUCIONES | |
| 650 | 4 | _aSERVICIOS ESCOLARES | |
| 650 | 4 | _aADMINISTRACION DE LA EDUCACION | |
| 650 | 4 | _aAPRENDIZAJE | |
| 650 | 4 | _aCALIDAD DE LA EDUCACION | |
| 650 | 4 | _aPROYECTOS | |
| 650 | 4 | _aOBJETIVOS EDUCACIONALES | |
| 650 | 4 | _aPATRIOTISMO | |
| 650 | 4 | _aIDENTIDAD NACIONAL | |
| 651 | 4 | _aArgentina | |
| 653 | _aLEY FEDERAL DE EDUCACION | ||
| 653 | _aORIENTACION EDUCATIVA | ||
| 700 | 1 | _aSarmiento García, Jorge H. | |
| 700 | 1 | _aPritz, Osvaldo A.F. | |
| 700 | 1 | _aEmili, Eduardo | |
| 700 | 1 | _aBraceli de Iriart, María Eliana | |
| 700 | 1 | _aMuscará, Francisco | |
| 700 | 1 | _aPiovera, Ana del Carmen | |
| 700 | 1 | _aSacchi de Martini, María Adelaide | |
| 700 | 1 | _aSosa, José Alberto | |
| 942 | _cBK | ||
| 998 | _cCarmen | ||
| 999 |
_c13217 _d13217 |
||